Подготовка переводчиков (Запись № 12868871)

Подробности
000 -МАРКЕР
контрольное поле 02404nam0a2200397 4500
001 - ИДЕНТИФИКАТОР ЗАПИСИ
контрольное поле RU\NLR\BIBL_A\016265360
005 - ИДЕНТИФИКАТОР ВЕРСИИ
контрольное поле 20260408214146.0
010 ## - МЕЖДУНАРОДНЫЙ СТАНДАРТНЫЙ НОМЕР КНИГИ (ISBN)
Номер (ISBN) 978-5-9765-4855-8
Тираж 500
035 ## - ДРУГИЕ СИСТЕМНЫЕ НОМЕРА
Идентификатор записи (NLR Aleph) 016265360
100 ## - ДАННЫЕ ОБЩЕЙ ОБРАБОТКИ
Данные общей обработки 20230123d2022 k y0rusy50 ca
101 0# - ЯЗЫК РЕСУРСА
Язык текста, звукозаписи и т.д. русский
-- английский
102 ## - СТРАНА ПУБЛИКАЦИИ ИЛИ ПРОИЗВОДСТВА
Страна публикации Российская Федерация
105 ## - ПОЛЕ КОДИРОВАННЫХ ДАННЫХ: ТЕКСТОВЫЕ МАТЕРИАЛЫ, МОНОГРАФИЧЕСКИЕ
Кодированные данные о монографическом текстовом документе a|||z|||000yy
181 #0 - ПОЛЕ КОДИРОВАННЫХ ДАННЫХ: ВИД СОДЕРЖАНИЯ
Код вида содержания (ISBD) i
Код характеристики содержания (ISBD) axxe
182 #0 - ПОЛЕ КОДИРОВАННЫХ ДАННЫХ: ТИП СРЕДСТВА
Код типа средства (ISBD) n - непосредственное
200 1# - ЗАГЛАВИЕ И СВЕДЕНИЯ ОБ ОТВЕТСТВЕННОСТИ
Основное заглавие Подготовка переводчиков
Сведения, относящиеся к заглавию дисциплины по выбору
-- коллективная монография
Первые сведения об ответственности Л. А. Борисова, Ю. А. Дымант, И. В. Добрынина [и др.]
Последующие сведения об ответственности под общей редакцией Н. Н. Гавриенко
-- Школа дидактики перевода
203 ## - ВИД СОДЕРЖАНИЯ И ТИП СРЕДСТВА
Вид содержания Текст
Дополнительные сведения об издании визуальный
Тип средства непосредственный
210 ## - ПУБЛИКАЦИЯ, РАСПРОСТРАНЕНИЕ И ДР.
Место издания, распространения и т.д. Москва
Имя издателя, распространителя и т. д. ФЛИНТА
Дата издания, распространения и т.д. 2022
215 ## - ФИЗИЧЕСКАЯ ХАРАКТЕРИСТИКА
Специфическое обозначение материала и объем 164, [1] с.
Другие сведения о физической характеристике ил., табл.
Размеры 21
300 ## - ОБЩИЕ ПРИМЕЧАНИЯ
Текст примечания На 162-й с. авт.: Борисова Л. А., канд. филол. наук, доц., Дымант Ю. А., канд. филол. наук, преподаватель, Добрынина И. В., канд. филол. наук, преподаватель
300 ## - ОБЩИЕ ПРИМЕЧАНИЯ
Текст примечания Авт. указаны на обороте тит. с.
300 ## - ОБЩИЕ ПРИМЕЧАНИЯ
Текст примечания Часть текста на агл. яз.
320 ## - ПРИМЕЧАНИЯ О НАЛИЧИИ В ДОКУМЕНТЕ БИБЛИОГРАФИИ / УКАЗАТЕЛЯ
Текст примечания Библиогр.: с. 144 (15 назв.)
606 ## - НАИМЕНОВАНИЕ ТЕМЫ КАК ПРЕДМЕТ
Наименование темы Перевод (лингв.)
Тематический подзаголовок Элективные курсы
-- Высшая школа
Идентификатор авторитетной/нормативной записи RU\NLR\AUTH\6601735881
Системный номер авторитетной/нормативной записи 2579928
686 1# - ИНДЕКСЫ ДРУГИХ КЛАССИФИКАЦИЙ
Индекс Ч486.17(2)-263.2
701 #1 - ИМЯ ЛИЦА - АЛЬТЕРНАТИВНАЯ ОТВЕТСТВЕННОСТЬ
Начальный элемент ввода Борисова
Часть имени, кроме начального элемента ввода Л. А.
Дополнения к именам, кроме дат канд. филол. наук
Расширение инициалов личного имени Лидия Александровна
Системный номер авторитетной/нормативной записи 183429
Идентификатор авторитетной/нормативной записи RU\NLR\AUTH\770183480
701 #1 - ИМЯ ЛИЦА - АЛЬТЕРНАТИВНАЯ ОТВЕТСТВЕННОСТЬ
Начальный элемент ввода Дымант
Часть имени, кроме начального элемента ввода Ю. А.
Расширение инициалов личного имени Юлия Александровна
701 #1 - ИМЯ ЛИЦА - АЛЬТЕРНАТИВНАЯ ОТВЕТСТВЕННОСТЬ
Начальный элемент ввода Добрынина
Часть имени, кроме начального элемента ввода И. В.
Дополнения к именам, кроме дат канд. филол. наук
Расширение инициалов личного имени Ирина Виталиевна
Системный номер авторитетной/нормативной записи 194850
Идентификатор авторитетной/нормативной записи RU\NLR\AUTH\770194901
702 #1 - ИМЯ ЛИЦА - ВТОРИЧНАЯ ОТВЕТСТВЕННОСТЬ
Код отношения Редактор
Графика поля Кириллица
Материалы, к которым относится поле rus
Начальный элемент ввода Гавриленко
Часть имени, кроме начального элемента ввода Н. Н.
Дополнения к именам, кроме дат д-р пед. наук
Даты 1951-
Расширение инициалов личного имени Наталия Николаевна
Системный номер авторитетной/нормативной записи 150421
Идентификатор авторитетной/нормативной записи RU\NLR\AUTH\770150458
712 02 - НАИМЕНОВАНИЕ ОРГАНИЗАЦИИ - ВТОРИЧНАЯ ОТВЕТСТВЕННОСТЬ
Код отношения Прочие
Начальный элемент ввода Школа дидактики перевода Н. Н. Гавриленко
Идентифицирующий признак Москва
Системный номер авторитетной/нормативной записи 836118
Идентификатор авторитетной/нормативной записи RU\NLR\AUTH\880585138
942 ## - ДОПОЛНИТЕЛЬНЫЕ ЭЛЕМЕНТЫ ЗАПИСИ (АБИС)
Тип экземпляра АБИС Книга
980 ## - КОЛЛЕКЦИЯ
Название коллекции Национальная библиография
Экземпляры
Тип экземпляра Дата поступления Источник поступления Стоимость Библиотека постоянного хранения Библиотека текущего хранения Место хранения Шифр хранения Штрих-код Статус экземпляра
Книга 23.01.2023 Покупка 360.00 РНБ (Московский) РНБ (Московский) Русский книжный фонд: издания с 1957 года 2024-3/2171 1-4465467